Fundamentals of accounting (Record no. 91801)

MARC details
000 -LEADER
fixed length control field 00473nam a2200181Ia 4500
008 - FIXED-LENGTH DATA ELEMENTS--GENERAL INFORMATION
fixed length control field 230125s9999 xx 000 0 und d
041 ## - LANGUAGE CODE
Language code of text/sound track or separate title eng
082 ## - DEWEY DECIMAL CLASSIFICATION NUMBER
Classification number 657.42
Item number PAU
100 ## - MAIN ENTRY--PERSONAL NAME
Personal name Paul S K
9 (RLIN) 109591
245 ## - TITLE STATEMENT
Title Fundamentals of accounting
260 ## - PUBLICATION, DISTRIBUTION, ETC. (IMPRINT)
Date of publication, distribution, etc. 1996
Name of publisher, distributor, etc. Central Publication
Place of publication, distribution, etc. Calcutta
300 ## - PHYSICAL DESCRIPTION
Extent 774p
500 ## - GENERAL NOTE
Keywords Fundamentals of accounting
500 ## - GENERAL NOTE
Keywords Management accounting
650 ## - SUBJECT ADDED ENTRY--TOPICAL TERM
Topical term or geographic name as entry element Accounting
700 ## - ADDED ENTRY--PERSONAL NAME
Personal name Paul S K
9 (RLIN) 109591
Holdings
Withdrawn status Lost status Damaged status Not for loan Home library Current library Date acquired Vendor Cost, normal purchase price Full call number Barcode Date last seen Cost, replacement price Bill Date Koha item type Original Barcode
Withdrawn       Smt. Hiraben Nanavati Institute of Management & Research for Women Smt. Hiraben Nanavati Institute of Management & Research for Women 24/09/2001 Satya Gilani 95.00 657.42 PAU DB0538 HIMR-DB-538 25/01/2023 95.00 26/09/2001 Donated Book DB0538